| 000 | 00460nam a2200181Ia 4500 | ||
|---|---|---|---|
| 001 | 19305 | ||
| 005 | 20260306172643.0 | ||
| 008 | 260306t2015||||xx |||||||||||||| ||spa|| | ||
| 041 | _aESP | ||
| 082 |
_a658.83 _bM43 |
||
| 100 |
_aMerino Sanz, María Jesús _eAUT |
||
| 245 | 0 |
_aHerramientas para dimensionar los mercados: _bla investigación cuantitativa |
|
| 260 | _c2015 | ||
| 300 |
_a _c |
||
| 650 | _aGEN | ||
| 654 | _aCAN | ||
| 942 |
_cLIB _dJUS _fJUS _2ddc _n |
||
| 999 |
_c19305 _d19305 |
||